000 00696nam a2200241Ia 4500
003 OSt
005 20220926013555.0
006 a|||||r|||| 00| 0
007 ta
008 220923b |||||||| |||| 00| 0 eng d
037 _cGeneral Book
040 _aRTL
_cRTL
_beng
041 _2eng
_aeng
082 _aX:89K33, L7
100 _aWilson A G Ed.
_9255798
245 0 _aModels of cities and regions
_b Theoretical and empi
260 _aNew York
_bJohn Wiley
_c1977
300 _axv, 536p.
_ccm.
650 _aRegional Economics
700 _a leign C M Ed.
_9318603
942 _hX:89K33, L7
_cGB
_2CC
999 _c626303
_d626303